Statistics for Accented World Capitals

Click here to take the quiz!

General Stats

  • This quiz has been taken 73 times
    (57 since last reset)
  • The average score is 4 of 10

Answer Stats

Capital City% Correct
Bogotá
63%
Brasília
44%
Lomé
39%
Asunción
37%
São Tomé
37%
Chișinău
34%
Malé
34%
San José
29%
Reykjavík
24%
Yaoundé
24%

Score Distribution

Percentile by Number Answered

Percent of People with Each Score

Your Score History

You have not taken this quiz since the last reset